| 000 | 00978nam a2200289Ia 4500 | ||
|---|---|---|---|
| 003 | OSt | ||
| 005 | 20221005035954.0 | ||
| 006 | a|||||r|||| 00| 0 | ||
| 007 | ta | ||
| 008 | 221004b |||||||| |||| 00| 0 eng d | ||
| 020 |
_a9788173048951 (hbk) _cINR 2750.00 |
||
| 024 | _a33389 | ||
| 037 |
_b0351, 03/03/2017, Synergy Books India _cTextual |
||
| 040 |
_aCRL _cCRL _beng |
||
| 041 |
_2eng _aeng |
||
| 082 | _aV49G:192, Q1 | ||
| 100 |
_aManguin Pierre Yves Ed. _938573 |
||
| 245 | 0 |
_aEarly interactions between South and Southeast Asia _b reflections on cross-cultural exchange |
|
| 260 |
_aDelhi _bManohar India _c2011 |
||
| 300 |
_axxxi,514p. _ccm. |
||
| 650 | _a ASIA - HISTORY | ||
| 650 | _aASIA - FOREIGN RELATIONS | ||
| 700 |
_a Mani A. Ed. _9588806 |
||
| 700 | _a Wade Geoff Ed. | ||
| 942 |
_hV49G:192, Q1 _cTEXL _2cc |
||
| 999 |
_c946125 _d946125 |
||